<?xml version="1.0" encoding="UTF-8"?>
<record
    xmlns:xsi="http://www.w3.org/2001/XMLSchema-instance"
    xsi:schemaLocation="http://www.loc.gov/MARC21/slim http://www.loc.gov/standards/marcxml/schema/MARC21slim.xsd"
    xmlns="http://www.loc.gov/MARC21/slim">

  <leader>01645nam a2200289 i 4500</leader>
  <controlfield tag="001">000017901</controlfield>
  <controlfield tag="003">DO-SdBNP</controlfield>
  <controlfield tag="005">20230821105116.0</controlfield>
  <controlfield tag="007">ta</controlfield>
  <controlfield tag="008">100407s200u    dr            001 0dspa d</controlfield>
  <datafield tag="040" ind1=" " ind2=" ">
    <subfield code="a">DO-SdBNP</subfield>
    <subfield code="b">spa</subfield>
    <subfield code="c">BNPHU</subfield>
    <subfield code="e">rda</subfield>
  </datafield>
  <datafield tag="082" ind1=" " ind2="4">
    <subfield code="a">371.1</subfield>
    <subfield code="b">G887e</subfield>
    <subfield code="2">22</subfield>
  </datafield>
  <datafield tag="100" ind1="1" ind2=" ">
    <subfield code="a">Grull&#xF3;n de la Cruz, Ernestina,</subfield>
    <subfield code="d">1926-</subfield>
    <subfield code="9">38843</subfield>
    <subfield code="e">autor</subfield>
  </datafield>
  <datafield tag="245" ind1="1" ind2="4">
    <subfield code="a">Las experiencias de una maestra /</subfield>
    <subfield code="c">Ernestina Grull&#xF3;n.</subfield>
  </datafield>
  <datafield tag="264" ind1=" " ind2=" ">
    <subfield code="a">Santo Domingo :</subfield>
    <subfield code="b">[s.n.,</subfield>
    <subfield code="c">200_].</subfield>
  </datafield>
  <datafield tag="300" ind1=" " ind2=" ">
    <subfield code="a">164 p&#xE1;ginas ;</subfield>
    <subfield code="c">21 cm.</subfield>
  </datafield>
  <datafield tag="336" ind1=" " ind2=" ">
    <subfield code="2">rdacontent</subfield>
    <subfield code="a">texto</subfield>
    <subfield code="b">txt</subfield>
  </datafield>
  <datafield tag="337" ind1=" " ind2=" ">
    <subfield code="2">rdamedia</subfield>
    <subfield code="a">sin mediaci&#xF3;n</subfield>
    <subfield code="b">nc</subfield>
  </datafield>
  <datafield tag="338" ind1=" " ind2=" ">
    <subfield code="2">rdacarrier</subfield>
    <subfield code="a">volumen</subfield>
    <subfield code="b">n</subfield>
  </datafield>
  <datafield tag="505" ind1=" " ind2=" ">
    <subfield code="a">Dedicatoria--</subfield>
    <subfield code="t">Agradecimiento--</subfield>
    <subfield code="t">Presentaci&#xF3;n--</subfield>
    <subfield code="t">Autograf&#xED;a--</subfield>
    <subfield code="t">Escuela rudimentaria La Bajada --</subfield>
    <subfield code="t">Escuela rudimentaria Las Pi&#xF1;as --</subfield>
    <subfield code="t">Escuela rudimentaria Caonabo --</subfield>
    <subfield code="t">Escuela experimental Fidel Ferrer --</subfield>
    <subfield code="t">Departamento de Educaci&#xF3;n Especial --</subfield>
    <subfield code="t">Centro de Educaci&#xF3;n Especial San Lorenzo de Los Mina --</subfield>
    <subfield code="t">Algunas expresiones de los padres, maestros y tutores --</subfield>
    <subfield code="t">Opiniones positivas --</subfield>
    <subfield code="t">Algunas expresiones de ni&#xF1;os y ni&#xF1;as --</subfield>
    <subfield code="t">Opiniones de alumnos y alumnas que fueron integrados a escuelas regulares: A&#xF1;o lectivo 2003-2004 --</subfield>
    <subfield code="t">Problemas con los nombres y las actas de nacimiento --</subfield>
    <subfield code="t">Himno de Educaci&#xF3;n Especial --</subfield>
    <subfield code="t">Oraci&#xF3;n por el hijo especial --</subfield>
    <subfield code="t">Las bienaventuranzas del discapacitado mental.</subfield>
  </datafield>
  <datafield tag="590" ind1=" " ind2=" ">
    <subfield code="a">Inventariado, 2018/VM</subfield>
  </datafield>
  <datafield tag="650" ind1=" " ind2="4">
    <subfield code="a">Sociolog&#xED;a de la educaci&#xF3;n</subfield>
    <subfield code="z">Rep&#xFA;blica Dominicana</subfield>
    <subfield code="9">17416</subfield>
  </datafield>
  <datafield tag="650" ind1=" " ind2="4">
    <subfield code="a">Profesores de educaci&#xF3;n b&#xE1;sica</subfield>
    <subfield code="9">38844</subfield>
  </datafield>
  <datafield tag="650" ind1=" " ind2="4">
    <subfield code="a">Educaci&#xF3;n de ni&#xF1;os con discapacidades</subfield>
    <subfield code="9">38845</subfield>
  </datafield>
  <datafield tag="910" ind1=" " ind2=" ">
    <subfield code="a">Validado. Control de calidad EMS</subfield>
  </datafield>
  <datafield tag="942" ind1=" " ind2=" ">
    <subfield code="2">ddc</subfield>
    <subfield code="c">LBS1</subfield>
  </datafield>
  <datafield tag="952" ind1=" " ind2=" ">
    <subfield code="0">0</subfield>
    <subfield code="1">0</subfield>
    <subfield code="2">ddc</subfield>
    <subfield code="5">6</subfield>
    <subfield code="7">0</subfield>
    <subfield code="8">DS</subfield>
    <subfield code="a">BNPHU</subfield>
    <subfield code="b">BNPHU</subfield>
    <subfield code="c">HD</subfield>
    <subfield code="d">2010-04-07</subfield>
    <subfield code="l">0</subfield>
    <subfield code="o">BNPHU DS 371.1 G887e</subfield>
    <subfield code="p">17901-30</subfield>
    <subfield code="r">2020-06-25</subfield>
    <subfield code="t">e. 3</subfield>
    <subfield code="w">2020-06-25</subfield>
    <subfield code="y">LBS1</subfield>
    <subfield code="Z">Pr&#xE9;stamo en sala</subfield>
  </datafield>
  <datafield tag="952" ind1=" " ind2=" ">
    <subfield code="0">0</subfield>
    <subfield code="1">0</subfield>
    <subfield code="2">ddc</subfield>
    <subfield code="5">1</subfield>
    <subfield code="7">0</subfield>
    <subfield code="8">PD</subfield>
    <subfield code="a">BNPHU</subfield>
    <subfield code="b">BNPHU</subfield>
    <subfield code="c">HD</subfield>
    <subfield code="d">2010-04-07</subfield>
    <subfield code="l">0</subfield>
    <subfield code="o">BNPHU PD 371.1 G887e</subfield>
    <subfield code="p">17901-10</subfield>
    <subfield code="r">2020-06-25</subfield>
    <subfield code="w">2020-06-25</subfield>
    <subfield code="y">LBS1</subfield>
    <subfield code="Z">No se presta</subfield>
  </datafield>
  <datafield tag="952" ind1=" " ind2=" ">
    <subfield code="0">0</subfield>
    <subfield code="1">0</subfield>
    <subfield code="2">ddc</subfield>
    <subfield code="5">1</subfield>
    <subfield code="7">0</subfield>
    <subfield code="8">PD</subfield>
    <subfield code="a">BNPHU</subfield>
    <subfield code="b">BNPHU</subfield>
    <subfield code="c">HD</subfield>
    <subfield code="d">2010-04-07</subfield>
    <subfield code="l">0</subfield>
    <subfield code="o">BNPHU PD 371.1 G887e</subfield>
    <subfield code="p">17901-20</subfield>
    <subfield code="r">2020-06-25</subfield>
    <subfield code="t">e. 2</subfield>
    <subfield code="w">2020-06-25</subfield>
    <subfield code="y">LBS1</subfield>
    <subfield code="Z">No se presta</subfield>
  </datafield>
  <datafield tag="952" ind1=" " ind2=" ">
    <subfield code="0">0</subfield>
    <subfield code="1">0</subfield>
    <subfield code="2">ddc</subfield>
    <subfield code="5">6</subfield>
    <subfield code="7">0</subfield>
    <subfield code="8">DS</subfield>
    <subfield code="a">BNPHU</subfield>
    <subfield code="b">BNPHU</subfield>
    <subfield code="c">HD</subfield>
    <subfield code="d">2023-08-21</subfield>
    <subfield code="e">Donaci&#xF3;n</subfield>
    <subfield code="l">0</subfield>
    <subfield code="o">BNPHU DS 371.1 G887e</subfield>
    <subfield code="p">17901-40</subfield>
    <subfield code="r">2023-08-21</subfield>
    <subfield code="t">e.4</subfield>
    <subfield code="w">2023-08-21</subfield>
    <subfield code="y">LBS1</subfield>
    <subfield code="z">Perteneci&#xF3; a la biblioteca personal de B&#xE1;rbara Suncar.</subfield>
  </datafield>
  <datafield tag="999" ind1=" " ind2=" ">
    <subfield code="c">17425</subfield>
    <subfield code="d">17425</subfield>
  </datafield>
</record>
